00368nam a2200133Ia 4500008004000000020001800040082001300058100001900071245006800090250000500158260004500163300000800208650001800216210210b1991 xxu||||| |||| 00| 0 eng d a81 7018 667 6 a312 BOSP aBOSE (Ashish). aPopulation of India: 1991 census results and methodology. Ed 1. a aDelhi.bB R Publishing Corporationc1991 a121 aCensus 1991